[Event "Chinese League"]
[Site "Chengdu CHN"]
[Date "2011.05.27"]
[Round "5"]
[White "Wen, Yang"]
[Black "Ma, Zhonghan"]
[Result "1-0"]
[WhiteTitle "GM"]
[WhiteElo "2545"]
[BlackElo "2262"]
[WhiteTeam "Shandong"]
[BlackTeam "Qingdao"]
[WhiteFideId "8602956"]
[BlackFideId "8607206"]
[EventDate "2011.04.12"]

1. d4 d5 2. c4 c6 3. Nf3 Nf6 4. Nc3 a6 5. e3 b5 6. c5 Nbd7 7. a3 Qc7 8. b4 a5 9.
Bd2 g6 10. a4 axb4 11. Nxb5 cxb5 12. axb5 Rxa1 13. Qxa1 Nxc5 14. dxc5 Qxc5 15.
Bd3 Bg7 16. O-O O-O 17. Qa4 Nd7 18. Bxb4 Qc7 19. Qa3 Re8 20. Rc1 Qb7 21. Bxe7
Nb6 22. Bc5 Nc4 23. Qa2 Qxb5 24. Bd4 Qa6 25. Qc2 Be6 26. Bxg7 Kxg7 27. Qc3+ Kg8
28. Ra1 Qb6 29. Rb1 Qd6 30. Qd4 Rb8 31. Ra1 Qb4 32. h4 Nb2 33. Ra8 Qf8 34. Rxb8
Qxb8 35. Bf1 Nc4 36. h5 Nd6 37. Qe5 Bg4 38. Nd4 Qf8 39. Nc6 Nc8 40. hxg6 hxg6
41. Qxd5 Ne7 42. Nxe7+ Qxe7 43. Qd4 Be6 44. f3 Qd7 45. Kf2 Qe7 46. g4 Qh4+ 47.
Kg2 Qe1 48. Bd3 Qh4 49. Qe5 Qh8 50. Qd4 Qh4 51. Qd6 Qf6 52. Kg3 Qc3 53. Qd8+ Kh7
54. Kf4 Qb4+ 55. Qd4 Qb8+ 56. Kg5 Qf8 57. Kf6 Kg8 58. Kg5 Kh7 59. Kh4 Qh6+ 60.
Kg3 Qh1 61. Kf4 Qh6+ 62. Ke4 Qg5 63. Qe5 Qe7 64. Kf4 Qh4 65. Qh5+ Qxh5 66. gxh5
Bd5 67. hxg6+ fxg6 68. e4 Bb3 69. Kg5 Kg7 70. e5 Bf7 71. f4 Be8 72. e6 Kh7 73.
Kf6 Kh6 74. Ba6 1-0

[Event "Chinese League"]
[Site "Chengdu CHN"]
[Date "2011.05.27"]
[Round "5"]
[White "Zhao, Jun"]
[Black "Nguyen, Ngoc Truong Son"]
[Result "1-0"]
[WhiteTitle "GM"]
[BlackTitle "GM"]
[WhiteElo "2580"]
[BlackElo "2635"]
[WhiteTeam "Shandong"]
[BlackTeam "Qingdao"]
[WhiteFideId "8602522"]
[BlackFideId "12401110"]
[EventDate "2011.04.12"]

1. d4 d5 2. c4 c6 3. Nf3 Nf6 4. Nc3 dxc4 5. a4 e6 6. e3 c5 7. Bxc4 Nc6 8. O-O
cxd4 9. exd4 Be7 10. Bg5 O-O 11. Re1 b6 12. Qd2 Bb7 13. Rad1 Nb4 14. Ne5 Nfd5
15. Bxe7 Qxe7 16. Ne4 h6 17. Ra1 Rfc8 18. Rec1 Kh7 19. a5 f6 20. Nd3 f5 21. Nxb4
Nxb4 22. Ng3 Qd6 23. b3 bxa5 24. Ne2 e5 25. Qe3 exd4 26. Qxd4 Qb6 27. Qe5 Be4
28. Ng3 Nc6 29. Qc3 Qd4 30. Nxe4 fxe4 31. Be6 Rf8 32. Qxc6 Qxf2+ 33. Kh1 e3 34.
Bc4 Rad8 35. Bb5 Kh8 36. Rg1 e2 37. Qe4 a6 38. Bd3 Rxd3 39. Qxd3 Re8 40. Qc3 Kg8
41. Qxa5 Re3 42. Rae1 Qf6 43. Qd5+ Kh8 44. Qc4 Qe5 45. Qxa6 Kh7 46. Qc4 h5 47.
b4 Kh6 48. b5 Re4 49. Qc6+ g6 50. Qc1+ 1-0

[Event "Chinese League"]
[Site "Chengdu CHN"]
[Date "2011.05.27"]
[Round "5"]
[White "Gong, Qianyun"]
[Black "Hou, Yifan"]
[Result "0-1"]
[WhiteTitle "WIM"]
[BlackTitle "GM"]
[WhiteElo "2232"]
[BlackElo "2602"]
[WhiteTeam "Qingdao"]
[BlackTeam "Shandong"]
[WhiteFideId "8602425"]
[BlackFideId "8602980"]
[EventDate "2011.04.12"]

1. e4 c5 2. Nf3 Nc6 3. Bb5 Na5 4. c3 a6 5. Be2 Nf6 6. e5 Nd5 7. d4 cxd4 8. Qxd4
e6 9. c4 Ne7 10. Nc3 Nac6 11. Qe4 Ng6 12. O-O Qc7 13. Bf4 f5 14. Qe3 Nxf4 15.
Qxf4 d6 16. Rfe1 Bd7 17. Nd5 exd5 18. e6 Bc8 19. cxd5 Be7 20. Qxf5 Bf8 21. Qf4
Be7 22. Qf5 Nd8 23. Rac1 Qb6 24. Rc2 Qa5 25. Bd3 g6 26. Qe4 O-O 27. Rec1 Bxe6
28. dxe6 Nc6 29. a3 Rf6 30. Bc4 Raf8 31. Bd5 Rf4 32. Qd3 Nd4 33. Nxd4 Qxd5 34.
Rd1 Qe5 35. Rc7 Rxf2 36. Rxe7 Qg5 37. Qh3 Qxe7 38. Re1 Rxb2 39. Nf3 Rb5 40. Qg4
Rbf5 41. h4 d5 42. Qd4 Re8 43. Ng5 Qf6 44. Qb6 Rf4 45. Qxb7 Qd4+ 46. Kh1 Rxh4+
47. Nh3 Qf2 48. Rb1 Qf6 49. Qxd5 Qxe6 50. Qd3 Re4 51. Rb7 Re3 52. Qd4 Rxh3+ 53.
gxh3 Qxh3+ 54. Kg1 Qg3+ 0-1

[Event "Chinese League"]
[Site "Chengdu CHN"]
[Date "2011.05.27"]
[Round "5"]
[White "Gao, Rui"]
[Black "Xu, Jun"]
[Result "1/2-1/2"]
[WhiteTitle "IM"]
[BlackTitle "GM"]
[WhiteElo "2435"]
[BlackElo "2486"]
[WhiteTeam "Chongqing"]
[BlackTeam "Jiangsu"]
[WhiteFideId "8602387"]
[BlackFideId "8600031"]
[EventDate "2011.04.12"]

1. e4 c5 2. Nf3 e6 3. d4 cxd4 4. Nxd4 a6 5. Nc3 b5 6. Bd3 Qb6 7. Nf3 d6 8. a4 b4
9. a5 Qc7 10. Na4 Nd7 11. Be3 Ngf6 12. Nb6 Nxb6 13. Bxb6 Qb7 14. Qe2 Be7 15. O-O
Nd7 16. Bd4 O-O 17. e5 d5 18. h4 Qc7 19. c3 Nc5 20. cxb4 Nxd3 21. Qxd3 Qc4 22.
Qxc4 dxc4 23. Rfc1 Bb7 24. Bc5 Bxc5 25. bxc5 Rfc8 26. Rxc4 Bd5 27. Rc2 Rab8 28.
Nd2 Rb5 29. c6 Kf8 30. c7 Ke7 31. Ra4 Rb7 32. Ne4 Rbxc7 33. Rxc7+ Rxc7 34. Nc3
Rc5 35. f4 Bc6 36. Ra3 Rc4 37. Ra4 Rc5 38. Ra3 Rc4 39. Rb3 Rxf4 40. Rb6 Kd7 41.
Rxa6 Rg4 42. Kf1 Bxg2+ 43. Kf2 Bc6 44. Ra7+ Kc8 45. Rxf7 Rxh4 46. Rxg7 Rb4 47.
Rxh7 Rxb2+ 48. Ke3 Rb4 49. a6 Rc4 50. Kd3 Rc5 51. Kd4 Ra5 52. a7 Bb7 53. Re7
Rxa7 54. Rxe6 Ra5 55. Re7 Bc6 56. Rg7 Kd8 57. Rh7 Ke8 58. Rc7 Bg2 59. Rc8+ Ke7
60. Rb8 Bc6 61. Rb6 Bg2 62. Rg6 Bh1 63. Rh6 Bg2 64. Rh2 Ba8 65. Rh7+ Ke6 66.
Rh6+ Ke7 67. Rb6 Bg2 68. e6 Rh5 69. Ne2 Rd5+ 70. Kc4 Rd6 71. Rxd6 Kxd6 72. Nf4
Bb7 73. e7 Kxe7 1/2-1/2

[Event "Chinese League"]
[Site "Chengdu CHN"]
[Date "2011.05.27"]
[Round "5"]
[White "Guo, Qi"]
[Black "Tan, Zhongyi"]
[Result "1/2-1/2"]
[BlackTitle "WGM"]
[WhiteElo "2331"]
[BlackElo "2428"]
[WhiteTeam "Jiangsu"]
[BlackTeam "Chongqing"]
[WhiteFideId "8604002"]
[BlackFideId "8603642"]
[EventDate "2011.04.12"]

1. d4 Nf6 2. Nf3 g6 3. c4 Bg7 4. Nc3 O-O 5. e4 d6 6. Be2 e5 7. O-O Nc6 8. d5 Ne7
9. Ne1 Nd7 10. f3 f5 11. Nd3 f4 12. Bd2 g5 13. Rc1 Rf7 14. c5 Nf6 15. Nb5 Ne8
16. Ba5 b6 17. cxd6 cxd6 18. Be1 a6 19. Nc3 a5 20. Bf2 Rb8 21. Nb5 Ng6 22. b4
Bf8 23. bxa5 bxa5 24. Na7 Ra8 25. Nxc8 Rxc8 26. Rxc8 Qxc8 27. Qa4 Nf6 28. Rc1
Qb8 29. Qc4 Qb7 30. Qc8 g4 31. Qxb7 Rxb7 32. Be1 gxf3 33. gxf3 Be7 34. Rc8+ Nf8
35. Ra8 Rb1 36. Rxa5 N6d7 37. Kg2 Nb6 38. Ra7 Bd8 39. Ba5 Nc8 40. Ra8 Bxa5 41.
Rxa5 Nb6 42. Kf2 Nfd7 43. Ne1 Rb2 44. Nd3 Rb1 45. Ra7 Ra1 46. Bf1 Kf8 47. Bh3
Ke8 48. Bxd7+ Nxd7 49. Kg2 h5 50. Ra6 Ke7 51. Ra7 Ke8 52. Ra6 Ke7 53. Ra7 1/2-1/2

[Event "Chinese League"]
[Site "Chengdu CHN"]
[Date "2011.05.28"]
[Round "6"]
[White "Ning, Chunhong"]
[Black "Wang, Doudou"]
[Result "1-0"]
[WhiteTitle "WGM"]
[WhiteElo "2313"]
[BlackElo "2182"]
[WhiteTeam "Tianjin"]
[BlackTeam "Hebei"]
[WhiteFideId "8600376"]
[BlackFideId "8603197"]
[EventDate "2011.04.12"]

1. e4 e5 2. Nf3 Nc6 3. Bb5 a6 4. Bxc6 dxc6 5. O-O f6 6. d4 exd4 7. Nxd4 c5 8.
Ne2 Qxd1 9. Rxd1 Bd7 10. Nbc3 O-O-O 11. Bf4 Ne7 12. f3 g5 13. Be3 b6 14. Ng3 Rg8
15. Nh5 f5 16. Nf6 Rg6 17. Nxd7 Rxd7 18. Rxd7 Kxd7 19. Rd1+ Kc8 20. Nd5 Nxd5 21.
Rxd5 fxe4 22. fxe4 h6 23. Kf2 Re6 24. Kf3 Bd6 25. g3 Kd7 26. h4 gxh4 27. gxh4
Kc6 28. Rf5 Be7 29. h5 Bd6 30. Bf4 c4 31. e5 Bc5 32. Rf6 Rxf6 33. exf6 Bf8 34.
Ke4 Kd7 35. Kf5 c6 36. c3 b5 37. Kg6 Ke6 38. f7 Ke7 39. Bxh6 Bxh6 40. Kxh6 Kxf7
41. Kg5 Kg7 42. Kf5 Kh6 43. Ke5 Kxh5 44. Kd6 Kg4 45. Kxc6 Kf4 46. Kb6 Ke4 47.
Kxa6 b4 48. cxb4 Kd3 49. Kb5 1-0

[Event "Chinese League"]
[Site "Chengdu CHN"]
[Date "2011.05.28"]
[Round "6"]
[White "Danielian, Elina"]
[Black "Zhai, Mo"]
[Result "0-1"]
[WhiteTitle "GM"]
[BlackTitle "WFM"]
[WhiteElo "2475"]
[BlackElo "2136"]
[WhiteTeam "Tianjin"]
[BlackTeam "Hebei"]
[WhiteFideId "13300210"]
[BlackFideId "8600201"]
[EventDate "2011.04.12"]

1. d4 Nf6 2. Nf3 b5 3. Bg5 Bb7 4. Bxf6 gxf6 5. e3 a6 6. a4 b4 7. Nbd2 e6 8. g3
c5 9. dxc5 Bxc5 10. Bg2 Qc7 11. O-O Nc6 12. Rc1 h5 13. c3 bxc3 14. Ne4 Be7 15.
Rxc3 h4 16. b4 Bxb4 17. Nxf6+ Ke7 18. Rd3 Rad8 19. Qa1 Qa5 20. Rfd1 d6 21. Ne4
Ne5 22. Nxe5 Bxe4 23. Nc4 Qf5 24. Bxe4 Qxe4 25. Rd4 Qf5 26. Rf4 Qg5 27. Qb1 a5
28. Rdd4 hxg3 29. hxg3 f5 30. Nd2 Bc5 31. Nf3 Qh5 32. Nh4 Bxd4 33. Rxd4 Rb8 34.
Qa1 Rhc8 35. Kg2 Rc2 36. Qa3 Rb6 37. Nf3 Qe8 38. Ne1 Qc6+ 39. e4 Re2 40. Nf3
Rbb2 41. Kh3 fxe4 42. Ne5 Qc5 43. Qxc5 dxc5 44. Rd7+ Ke8 45. Rd6 Rxf2 46. Rxe6+
Kd8 47. Nc4 Rb4 48. Nxa5 Kd7 49. Re5 Kd6 50. Re8 Rxa4 51. Nb7+ Kc6 52. Re7 Rd2
53. g4 Rb4 54. Na5+ Kb6 55. g5 Kxa5 56. g6 Rd6 57. g7 Rg6 58. Kh4 Rb1 59. Kh5
Rg2 0-1

[Event "Chinese League"]
[Site "Chengdu CHN"]
[Date "2011.05.28"]
[Round "6"]
[White "Guo, Qi"]
[Black "Wang, Jue"]
[Result "1-0"]
[WhiteElo "2331"]
[BlackElo "2275"]
[WhiteTeam "Jiangsu"]
[BlackTeam "Beijing"]
[WhiteFideId "8604002"]
[BlackFideId "8604070"]
[EventDate "2011.04.12"]

1. d4 Nf6 2. c4 g6 3. Nc3 Bg7 4. e4 d6 5. Nf3 O-O 6. Be2 e5 7. O-O Nc6 8. d5 Ne7
9. Ne1 Nd7 10. Nd3 f5 11. Bd2 Nf6 12. f3 Kh8 13. Rc1 c5 14. Rb1 f4 15. b4 b6 16.
bxc5 bxc5 17. Nb5 a6 18. Nc3 Bd7 19. Na4 Rb8 20. Nc3 Ra8 21. Na4 Rb8 22. Rxb8
Qxb8 23. Qb3 Qd8 24. Naxc5 dxc5 25. Nxc5 Bc8 26. Rb1 Nc6 27. Bc3 Nd4 28. Bxd4
exd4 29. e5 Ne8 30. e6 Nc7 31. Bd3 Qd6 32. Qb6 Qe5 33. Be4 d3 34. Nxd3 Qd4+ 35.
Kh1 Qxc4 36. e7 Rg8 37. Rc1 Nxd5 38. Qd8 Nxe7 39. Qxe7 Qe6 40. Qc7 Rf8 41. Nxf4
Qf6 42. Nd5 Qd8 43. Qc6 Qd7 44. Qc5 Qf7 45. a4 Bf5 46. Bxf5 Qxf5 47. Nc7 Qd7 48.
Qd5 Qxd5 49. Nxd5 Rd8 50. Nb6 Bd4 51. Nc4 Kg7 52. Rd1 Kf6 53. g3 Ke6 54. Kg2 Bf6
55. Rb1 Bd4 56. Na5 Bc3 57. Nb7 Rd2+ 58. Kh3 Bd4 59. Na5 Rd3 60. Nc6 Bc5 61. Nb8
Rd6 62. Rb7 h5 63. a5 Rd2 64. Rb1 Ra2 65. Nxa6 Rxa5 66. Nc7+ Kf5 67. f4 Bd6 68.
Nb5 Bc5 69. Nc7 Bd4 70. Rd1 Bf2 71. Ne8 Ra2 72. Nd6+ Ke6 73. Ne4 Kf5 74. Ng5 Re2
75. Rd5+ Kf6 76. Rd6+ Kg7 77. Nf3 Bc5 78. Rc6 Be7 79. Ne5 Bf6 80. Rc7+ Kh6 81.
Nf7+ Kg7 82. Ne5+ Kh6 83. g4 Bg7 84. g5+ Kh7 85. Nf3 Kg8 86. Nh4 Re3+ 87. Kg2
Re6 88. f5 gxf5 89. Nxf5 Be5 90. Ra7 Rb6 91. h4 Rb2+ 92. Kf3 Rb1 93. Ne7+ Kf7
94. Nc6+ Ke6 95. Re7+ Kd6 96. Rxe5 Kxc6 97. g6 Kd6 98. g7 Rb8 99. Rxh5 Rg8 100.
Rh7 Ke6 101. h5 Kf6 102. h6 Kg6 103. Rh8 Kf7 104. Kf4 1-0

[Event "Chinese League"]
[Site "Chengdu CHN"]
[Date "2011.05.28"]
[Round "6"]
[White "Nguyen, Ngoc Truong Son"]
[Black "Zeng, Chongsheng"]
[Result "1-0"]
[WhiteTitle "GM"]
[WhiteElo "2635"]
[BlackElo "2426"]
[WhiteTeam "Qingdao"]
[BlackTeam "Chongqing"]
[WhiteFideId "12401110"]
[BlackFideId "8603847"]
[EventDate "2011.04.12"]

1. Nf3 Nf6 2. g3 d5 3. Bg2 c6 4. O-O Bg4 5. d3 e6 6. Nbd2 Nbd7 7. b3 Bd6 8. Bb2
O-O 9. h3 Bh5 10. e4 Bxf3 11. Bxf3 Qb6 12. Kh2 Be5 13. c3 Bd6 14. Bg2 Qa6 15. f4
Ba3 16. Bxa3 Qxa3 17. e5 Ne8 18. Qc2 Nc7 19. Rae1 Nb5 20. d4 c5 21. Nb1 Qa5 22.
a4 Nc7 23. b4 cxb4 24. cxb4 Qb6 25. a5 Qc6 26. Qxc6 bxc6 27. Rc1 Rab8 28. Na3 c5
29. bxc5 Rb3 30. c6 Nb8 31. Rf3 Rb4 32. Bf1 Rc8 33. Rfc3 Kf8 34. Nc2 Rb2 35. Kg1
Ke7 36. Bd3 h6 37. Kf1 Kd8 38. f5 Ke7 39. g4 Nca6 40. Na3 Nc7 41. h4 Rb4 42. Nc2
Rb2 43. Kg1 Nba6 44. g5 hxg5 45. hxg5 exf5 46. Ne3 Nb4 47. Nxf5+ Kf8 48. Nd6
Nxd3 49. Rxd3 1-0

[Event "Chinese League"]
[Site "Chengdu CHN"]
[Date "2011.05.28"]
[Round "6"]
[White "Xu, Hanbing"]
[Black "Gao, Rui"]
[Result "0-1"]
[BlackTitle "IM"]
[WhiteElo "2378"]
[BlackElo "2435"]
[WhiteTeam "Qingdao"]
[BlackTeam "Chongqing"]
[WhiteFideId "8601658"]
[BlackFideId "8602387"]
[EventDate "2011.04.12"]

1. Nf3 c5 2. c4 Nc6 3. d4 cxd4 4. Nxd4 Nf6 5. Nc3 Qb6 6. Nc2 e6 7. e3 Be7 8. Be2
O-O 9. O-O Rd8 10. e4 d6 11. b3 Qa5 12. Bd2 Qc7 13. Be3 b6 14. Qd2 Bb7 15. Rac1
Rac8 16. f3 Ne5 17. Nd4 Qb8 18. Qb2 Re8 19. Rfd1 a6 20. Kh1 Bd8 21. Bg1 Kh8 22.
Qd2 Bc7 23. b4 h6 24. Nb3 Rcd8 25. Qc2 Nh5 26. Qd2 Ng6 27. Rc2 Nhf4 28. Bf1 d5
29. exd5 exd5 30. cxd5 Nxd5 31. Nxd5 Rxd5 32. Qc1 Bf4 33. Qa1 Rh5 34. h3 Nh4 35.
Nd4 Be5 36. Qc1 Bxd4 37. Bxd4 Nxf3 38. gxf3 Bxf3+ 39. Kg1 Qg3+ 40. Rg2 Bxg2 41.
Bf2 Qg6 42. Bxg2 Rg5 0-1

[Event "Chinese League"]
[Site "Chengdu CHN"]
[Date "2011.05.28"]
[Round "6"]
[White "Huang, Qian"]
[Black "Pham, Le Thao Nguyen"]
[Result "1-0"]
[WhiteTitle "WGM"]
[BlackTitle "WIM"]
[WhiteElo "2394"]
[BlackElo "2349"]
[WhiteTeam "Chongqing"]
[BlackTeam "Qingdao"]
[WhiteFideId "8602689"]
[BlackFideId "12401226"]
[EventDate "2011.04.12"]

1. d4 d5 2. Nf3 c6 3. c4 Nf6 4. Nc3 dxc4 5. a4 Bf5 6. Ne5 Nbd7 7. Nxc4 Nb6 8.
Ne5 a5 9. e3 h6 10. Bd3 Bxd3 11. Nxd3 e6 12. Qb3 Rb8 13. O-O Nbd5 14. Rd1 Bd6
15. Bd2 O-O 16. Rac1 Re8 17. h3 Nb4 18. Nxb4 Bxb4 19. Nb1 Bd6 20. Na3 Bc7 21.
Nc4 Qd5 22. Qc2 Ra8 23. Be1 Rec8 24. b3 Rd8 25. f3 Qg5 26. Bf2 Nd5 27. Qe2 Re8
28. h4 Qf6 29. Qe1 Qg6 30. Qe2 Qf6 31. Qe1 Qg6 32. Ne5 Qf6 33. Nc4 Qg5 34. Qe2
Qf6 35. Qe1 Qg6 36. Ne5 Qf6 37. Nd3 e5 38. dxe5 Bxe5 39. Nxe5 Qxe5 40. e4 Nf4
41. Bd4 Qe6 42. Qe3 Ng6 43. h5 Nf8 44. Qc3 f6 45. Bb6 Qf7 46. Qc4 Ne6 47. Rd6
Re7 48. Rcd1 Rae8 49. Bxa5 Qxh5 50. Bd8 Rxd8 51. Rxd8+ Kh7 52. R8d7 Rxd7 53.
Rxd7 Nf4 54. e5 Qg5 55. Qc2+ f5 56. Qd2 Qg3 57. Rd4 Ne6 58. Rc4 Qxe5 59. Rc1 Nd4
60. Re1 Qc5 61. Qe3 Qb4 1-0

[Event "Chinese League"]
[Site "Chengdu CHN"]
[Date "2011.05.28"]
[Round "6"]
[White "Tan, Zhongyi"]
[Black "Gong, Qianyun"]
[Result "0-1"]
[WhiteTitle "WGM"]
[BlackTitle "WIM"]
[WhiteElo "2428"]
[BlackElo "2232"]
[WhiteTeam "Chongqing"]
[BlackTeam "Qingdao"]
[WhiteFideId "8603642"]
[BlackFideId "8602425"]
[EventDate "2011.04.12"]

1. d4 Nf6 2. c4 c5 3. d5 e5 4. Nc3 d6 5. e4 Be7 6. Be2 Nbd7 7. Be3 a6 8. a4 O-O
9. g4 Ne8 10. Nf3 Ndf6 11. h3 g6 12. Qd2 b6 13. Bd3 Ng7 14. Rg1 Kh8 15. Rb1 Qe8
16. b4 Bd8 17. b5 a5 18. Bh6 Ra7 19. Ke2 Ng8 20. h4 f6 21. Rg2 Raf7 22. Rh1 Nxh6
23. Qxh6 Rg8 24. Kd1 Qf8 25. Kc2 Ne8 26. Qe3 Rfg7 27. g5 Rf7 28. Nd2 Ng7 29. Be2
Nh5 30. Bxh5 gxh5 31. f3 Rfg7 32. f4 exf4 33. Qxf4 fxg5 34. Qxf8 Rxf8 35. hxg5
Bg4 36. e5 dxe5 37. Re1 Bxg5 38. d6 Bf4 39. Kb2 h4 40. Nde4 h3 41. Rf2 Be6 42.
Nd5 Bxd5 43. cxd5 Rg2 44. Rxg2 hxg2 45. d7 Rd8 46. Rg1 Rxd7 47. d6 Rg7 48. Nf6
e4 49. Nxe4 Be3 50. d7 Rxd7 51. Rxg2 Re7 52. Nd6 Bf4 53. Nc8 Re6 54. Kb3 h5 55.
Kc4 h4 56. Rg5 Bg3 57. Kd5 Rf6 0-1

[Event "Chinese League"]
[Site "Chengdu CHN"]
[Date "2011.05.28"]
[Round "6"]
[White "Chen, Fan"]
[Black "Bu, Xiangzhi"]
[Result "0-1"]
[WhiteTitle "FM"]
[BlackTitle "GM"]
[WhiteElo "2345"]
[BlackElo "2677"]
[WhiteTeam "Sichuan"]
[BlackTeam "Shandong"]
[WhiteFideId "8600767"]
[BlackFideId "8601445"]
[EventDate "2011.04.12"]

1. e4 e5 2. Nf3 d6 3. d4 exd4 4. Nxd4 Nf6 5. Nc3 Be7 6. Be2 O-O 7. O-O Re8 8. f3
Nbd7 9. Nf5 Bf8 10. g4 Nb6 11. g5 Nfd7 12. Kh1 Nc5 13. Rg1 Bxf5 14. exf5 d5 15.
Rg4 Qd7 16. b4 Na6 17. b5 Nc5 18. f6 Rad8 19. Ba3 g6 20. Qg1 d4 21. Bxc5 Bxc5
22. Ne4 Bf8 23. a4 Qd5 24. Qf1 Qe5 25. Bd3 Nd5 26. Qh3 Qe6 27. Bc4 Qf5 28. Bxd5
Rxd5 29. Rd1 a6 30. bxa6 bxa6 31. Qf1 c5 32. Rg3 Bd6 33. Rg4 Bf8 34. Rg3 a5 35.
Rb1 h5 36. gxh6 Bxh6 37. Rd1 Bf8 38. Rb1 Bh6 39. Qb5 Rde5 40. Qd3 Bf4 41. Rg2
Qe6 42. Rbg1 Rh5 43. Nf2 Qxf6 44. Rxg6+ fxg6 45. Rxg6+ Kh8 46. Rxf6 Re1+ 0-1

[Event "Chinese League"]
[Site "Chengdu CHN"]
[Date "2011.05.28"]
[Round "6"]
[White "Wu, Xibin"]
[Black "Zhao, Jun"]
[Result "0-1"]
[WhiteTitle "IM"]
[BlackTitle "GM"]
[WhiteElo "2360"]
[BlackElo "2580"]
[WhiteTeam "Sichuan"]
[BlackTeam "Shandong"]
[WhiteFideId "8600309"]
[BlackFideId "8602522"]
[EventDate "2011.04.12"]

1. e4 c5 2. Nf3 d6 3. d4 cxd4 4. Nxd4 Nf6 5. Nc3 a6 6. Be3 e5 7. Nf3 Qc7 8. a4
Be7 9. a5 O-O 10. Be2 Nc6 11. Bb6 Qd7 12. O-O Bd8 13. Nd2 Bxb6 14. axb6 Nd4 15.
Nd5 Nxd5 16. exd5 Qd8 17. Nc4 Bf5 18. Bd3 Rc8 19. Ra4 Bg6 20. c3 Bxd3 21. Qxd3
Nb3 22. Rb4 Nc5 23. Qe3 f5 24. f3 Qd7 25. Na5 h6 26. Rd1 Rfe8 27. g3 e4 28. Rbd4
exf3 29. Qxf3 Qb5 30. Nc4 Ne4 31. Ne3 Ng5 32. Nc4 Ne4 33. Ne3 Ng5 34. Qxf5 Qe2
35. Ng4 Kh8 36. Rf1 Rf8 37. Qxf8+ Rxf8 38. Rxf8+ Kh7 39. Nf2 Nf3+ 40. Rxf3 Qxf3
41. Ne4 Qe3+ 42. Nf2 Qc1+ 43. Nd1 Qc2 44. h4 Qe2 45. b4 Kg8 46. g4 Qe1+ 47. Kg2
Qxh4 48. Nf2 Qd8 49. Re4 Qxb6 50. Re6 Qc7 51. Ne4 Qc4 52. Kf3 Qxd5 53. Rxd6 Qf7+
54. Ke3 Qe7 55. Kf4 Qc7 56. Kf5 b6 57. Rd5 a5 58. Nc5 a4 59. Nxa4 Qf7+ 60. Ke4
Qe8+ 61. Kd3 Qxa4 0-1

[Event "Chinese League"]
[Site "Chengdu CHN"]
[Date "2011.05.28"]
[Round "6"]
[White "Gu, Xiaobing"]
[Black "Nie, Xin"]
[Result "0-1"]
[WhiteTitle "WGM"]
[WhiteElo "2369"]
[BlackElo "1970"]
[WhiteTeam "Shandong"]
[BlackTeam "Sichuan"]
[WhiteFideId "8602611"]
[BlackFideId "8605610"]
[EventDate "2011.04.12"]

1. e4 e5 2. Bc4 Nf6 3. d3 Nc6 4. Nc3 Na5 5. Nge2 Nxc4 6. dxc4 Bc5 7. O-O d6 8.
Qd3 Be6 9. b3 O-O 10. Na4 Nd7 11. Ng3 Qh4 12. Kh1 Nf6 13. Nxc5 dxc5 14. Bb2 Rad8
15. Qc3 Rfe8 16. Rae1 Ng4 17. h3 Nf6 18. Kg1 b6 19. Re3 Bc8 20. Rfe1 Rd4 21.
R3e2 Nh5 22. Nf5 Bxf5 23. exf5 f6 24. Qf3 Nf4 25. Re4 Rxe4 26. Qxe4 Rd8 27. Bc1
Nxh3+ 28. gxh3 Qxe4 29. Rxe4 Rd1+ 30. Kg2 Rxc1 31. Re2 Rd1 32. f4 exf4 33. Re8+
Kf7 34. Rc8 Rd7 35. Kf3 g5 36. fxg6+ hxg6 37. Kxf4 Rd4+ 38. Kf3 Rd7 39. Kf4 Ke6
40. h4 Rd4+ 41. Kg3 Rd7 42. Kf4 Rh7 43. Kg4 f5+ 44. Kg5 Rh5+ 45. Kxg6 Rxh4 46.
Re8+ Kd7 47. Re2 Re4 48. Rf2 Ke6 49. a4 Rg4+ 50. Kh5 Ke5 51. Rd2 Ke4 52. a5 Rg1
53. Rd7 f4 54. Re7+ Kd4 55. Rf7 Ke3 56. Rxc7 f3 57. Re7+ Kd2 58. Rf7 Kxc2 59.
Rxf3 Ra1 60. axb6 axb6 61. Kg4 Rb1 62. Kf5 Rxb3 63. Rf4 Re3 64. Rh4 Kc3 65. Rg4
Kb4 66. Rh4 Rc3 67. Rh6 Kxc4 68. Rxb6 Re3 69. Kf4 Re1 70. Rh6 Kb3 71. Rh3+ Kc2
72. Rh2+ Kb3 73. Rh3+ Kb4 74. Kf3 c4 75. Kf2 Re5 76. Rh8 Kb3 77. Rb8+ Kc2 78.
Rc8 c3 79. Rc7 Kb2 80. Rb7+ Kc1 81. Rc7 c2 82. Rb7 Kd2 83. Rd7+ Kc3 84. Rc7+ Kb3
85. Rc8 0-1

[Event "Chinese League"]
[Site "Chengdu CHN"]
[Date "2011.05.28"]
[Round "6"]
[White "Hou, Yifan"]
[Black "Harika, Dronavalli"]
[Result "1/2-1/2"]
[WhiteTitle "GM"]
[BlackTitle "IM"]
[WhiteElo "2602"]
[BlackElo "2524"]
[WhiteTeam "Shandong"]
[BlackTeam "Sichuan"]
[WhiteFideId "8602980"]
[BlackFideId "5015197"]
[EventDate "2011.04.12"]

1. e4 e6 2. d4 d5 3. Nd2 Nf6 4. e5 Nfd7 5. Bd3 c5 6. c3 Nc6 7. Ne2 cxd4 8. cxd4
f6 9. exf6 Nxf6 10. Nf3 Bd6 11. O-O Qc7 12. Bg5 O-O 13. Rc1 Bd7 14. Bh4 Nh5 15.
Bb1 g6 16. Qd3 Rae8 17. a3 Bc8 18. b4 a6 19. Bg5 Nf4 20. Nxf4 Bxf4 21. Rcd1 Qg7
22. Bxf4 Rxf4 23. g3 Rff8 24. Ng5 h6 25. Nf3 g5 26. Rfe1 Re7 27. Rd2 Bd7 28. Bc2
Ref7 29. Bd1 Rf5 30. h3 Qf6 31. Nh2 Qg7 32. Bg4 R5f6 33. Bh5 Kh8 34. Ng4 Rf5 35.
Ne3 R5f6 36. Ng4 Rf5 37. Ne3 R5f6 38. Ng4 1/2-1/2

[Event "Chinese League"]
[Site "Chengdu CHN"]
[Date "2011.05.28"]
[Round "6"]
[White "Lu, Shanglei"]
[Black "Zhou, Jianchao"]
[Result "1-0"]
[BlackTitle "GM"]
[WhiteElo "2456"]
[BlackElo "2660"]
[WhiteTeam "Zhejiang"]
[BlackTeam "Shanghai"]
[WhiteFideId "8603332"]
[BlackFideId "8603537"]
[EventDate "2011.04.12"]

1. e4 c5 2. Nf3 d6 3. d4 cxd4 4. Nxd4 Nf6 5. Nc3 a6 6. Bg5 Nbd7 7. f4 Qa5 8. Qf3
h6 9. Bh4 e5 10. Nb3 Qc7 11. fxe5 dxe5 12. O-O-O Be7 13. g4 g5 14. Bg3 Nb6 15.
h3 O-O 16. Rh2 Be6 17. Kb1 Rad8 18. Rd3 Nc4 19. Re2 b5 20. Nd5 Nxd5 21. exd5
Bxd5 22. Qf5 Be6 23. Qf2 Bd6 24. Bg2 a5 1-0

[Event "Chinese League"]
[Site "Chengdu CHN"]
[Date "2011.05.28"]
[Round "6"]
[White "Yu, Lie"]
[Black "Lou, Yiping"]
[Result "1-0"]
[WhiteTitle "IM"]
[BlackTitle "IM"]
[WhiteElo "2404"]
[BlackElo "2446"]
[WhiteTeam "Zhejiang"]
[BlackTeam "Shanghai"]
[WhiteFideId "8603715"]
[BlackFideId "8603928"]
[EventDate "2011.04.12"]

1. d4 Nf6 2. g3 d5 3. Nf3 c6 4. Bg2 Bf5 5. O-O h6 6. b3 e6 7. Bb2 Nbd7 8. Nbd2
Bd6 9. Ne5 Qc7 10. Nxd7 Qxd7 11. f3 Bh7 12. e4 Bc7 13. Qe2 Bb6 14. e5 Ng8 15. c4
Ne7 16. c5 Bc7 17. b4 O-O 18. a3 a5 19. Nb3 axb4 20. axb4 b5 21. cxb6 Bxb6 22.
Nc5 Bxc5 23. bxc5 Qb7 24. Bc3 Qb5 25. Qb2 Bd3 26. Rxa8 Rxa8 27. Ra1 Rxa1+ 28.
Qxa1 Nf5 29. Kf2 h5 30. Bh3 Qb3 31. Qc1 Qa2+ 32. Qc2 Qa4 33. Qd2 Qc4 34. Qb2 Qa4
35. Qd2 Qc4 36. Qb2 Kh7 37. Qa1 Qb3 38. Qc1 Qa2+ 39. Qb2 Qa4 40. Qd2 Qc4 41. Qb2
g6 42. g4 hxg4 43. fxg4 Ng7 44. Qd2 Ne8 45. Ke3 Be4 46. Kf4 Kg7 47. Kg5 Qb5 48.
Qe3 Qb1 49. Bd2 Qh1 50. Qf4 Bg2 51. Bxg2 Qxg2 52. h4 Qh3 53. Ba5 Qa3 54. Bd8 Qd3
55. Be7 Qh3 56. Bf6+ Kh7 57. Qf2 Qd3 58. Bd8 Kg7 59. Ba5 Qa3 60. Bd8 Qh3 61. Qf4
Qc3 62. Bf6+ Kh7 63. Bh8 Kxh8 64. Qxf7 Ng7 65. Kxg6 Qd3+ 66. Kh6 Qh7+ 67. Kg5
Qe4 68. Qf4 Qd3 69. h5 Kh7 70. Kf6 Qb1 71. Qg5 Qf1+ 72. Ke7 Qb1 73. Kf7 Qb7+ 74.
Qe7 Qb3 75. h6 1-0